000 00454nam a2200157Ia 4500
008 151213s9999 xx 000 0 und d
100 _aনির্মলেন্দু ধর
245 _aকোম্পানী আইন
_cনির্মলেন্দু ধর
250 _a2nd
260 _aDhaka
_bRemisi
_c2000
300 _a1277 p.
650 _aLaw
650 _aLaw
700 _aনির্মলেন্দু ধর
999 _c1087
_d1087